Statistics for Green day song lyrics!

Click here to take the quiz!

General Stats

  • This quiz has been taken 1,855 times
  • The average score is 8 of 15

Answer Stats

HintAnswer% Correct
...summer has gone to pass the innocent can never last...Wake me up when september ends
91%
...I walk a lonley road, the only one that I have ever known...Boulevard of broken dreams
89%
...sometimes my mind plays tricks on me...Basket case
85%
...another turning point a fork stuck in the road..Good riddance
81%
...the bible of none of the above...Jesus of suburbia
77%
...hear the drums pounding out of time...Holiday
73%
...some call it slums, some call it nice...Welcome to paradise
59%
...i'm counting sheep but running out..Brain stew
56%
...your ability to operate machinary...Warning
49%
...oh baby baby, its f@*k time...F@*k time
46%
...hold im' under water till the m0therf*cker drowns...Kill the DJ
43%
..its salmonella poison, oh no....Hitchin' a ride
39%
...all the time, every time i need her....All the time
24%
...she gave up on jesus, for living on penis...Wild one
15%
...Looking for a cheap escape, on the brink of self destruction...Panic song
14%

Score Distribution

Percentile by Number Answered

Percent of People with Each Score

Your Score History

You have not taken this quiz